Rating places : a geographer's view on quality of life /

Bibliographic Details
Main Author: Cutter, Susan L.
Format: Book
Language:English
Published: Washington, D.C. : Association of American Geographers, [1985]
Series:Resource publications in geography.
Subjects:

MARC

Tag First Indicator Second Indicator Subfields
LEADER 00000cam a2200000 a 4500
001 in00000007330
005 20151005070016.0
008 850606s1985 dcuab b 00010 eng
010 |a  85013469  
020 |a 0892911913 (pbk.) :  |c $5.00 
035 |a (OCoLC)12189369 
035 |9 AAA1818AM 
040 |a DLC  |c DLC  |d m/c  |d TXA  |d UtOrBLW 
043 |a n-us--- 
049 |a TXAM  |c [A12563100] 
050 0 0 |a GF503  |b .C87 1985 
082 0 |a 307/.0973  |2 19 
100 1 |a Cutter, Susan L. 
245 1 0 |a Rating places :  |b a geographer's view on quality of life /  |c Susan L. Cutter. 
264 1 |a Washington, D.C. :  |b Association of American Geographers,  |c [1985] 
264 4 |c ©1985 
300 |a viii, 76 pages :  |b illustrations, maps ;  |c 22 cm. 
336 |a text  |b txt  |2 rdacontent 
337 |a unmediated  |b n  |2 rdamedia 
338 |a volume  |b nc  |2 rdacarrier 
490 1 |a Resource publications in geography 
504 |a Bibliography: pages [71]-76. 
650 0 |a Quality of life  |z United States. 
650 0 |a Cities and towns  |z United States. 
650 0 |a Human geography  |z United States. 
830 0 |a Resource publications in geography. 
999 |a MARS 
999 f f |s e51cbc20-a809-3c2e-a9d4-50ad48f59739  |i c66320ba-dc2a-3f0f-9491-13a9078ab4f3  |t 0 
952 f f |p ric  |a Texas A&M University  |b Rellis Campus  |c Joint Library Facility  |d Remote Storage  |t 0  |e GF503 .C87 1985  |h Library of Congress classification  |i unmediated -- volume  |m A14812563100 
998 f f |a GF503 .C87 1985  |t 0  |l Remote Storage